00827nam a2200217 a 450000100100000000500170001000800410002704000250006808200210009310000210011424500460013526000300018130000200021159000260023165000280025765000310028591000370031695201180035395201230047199900150059400000976920240412074213.0091001s1979 sp 000 p spa d aDO-SdBNPbspacBNPHU aRD861.44bB533re1 aBerroa, Rei931910aEn el reino de la ausencia /cRei Berroa. aMadrid :b[s. n.],c1979. a19 p. ;c22 cm. aInventariado, 2018/LP 0aPoesía dominicana966 0aLiteratura dominicana.967 aValidado. Control de calidad MFF 001050718MOaPDbPDcHDd2009-10-01iLF1l0oRD861.44 B533rep9769-10r2020-06-25w2020-06-25y1ZNo se presta 001050718MOaPDbPDcHDd2009-10-01iLF1l0oRD861.44 B533rep9769-20r2020-06-25te.2w2020-06-25y1ZNo se presta c9529d9529